| 000 | 00447pab a2200181 454500 | ||
|---|---|---|---|
| 008 | 180718b2015 xxu||||| |||| 00| 0 eng d | ||
| 100 | _aJagger, Pamela | ||
| 245 | _aTaxes and bribes in Uganda | ||
| 260 | _c2015 | ||
| 300 | _ap.66-79. | ||
| 362 | _aJan | ||
| 650 | _aTaxation - Uganda | ||
| 650 | _aCorruption - Uganda | ||
| 650 | _aTaxation | ||
| 700 | _aShively, Gerald | ||
| 773 | _aJournal of Development Studies | ||
| 909 | _a109094 | ||
| 999 |
_c109089 _d109089 |
||